• 首页
  • 本馆介绍
  • 公告通知
  • 最新文献
  • 馆藏检索
  • 电子资源
  • 读者导购
  • 参考咨询
  • 我的图书馆
  • 登录
  • 详细信息显示
  • 放入我的书架
  • 预约/预借图书
  • 作者相关作品
  • 分类相关作品
  • 丛书相关作品
  • 出版社相关作品

书目信息

  • 表格格式
  • 工作单格式
  • 卡片格式
题名:
柿子有机栽培新技术
    
 
作者: ;韩南容 编著 ;北京市果树产业协会 主编
分册:  
出版信息: 北京   北京科学技术出版社  2008
页数: 150页
开本: 23cm
丛书名: 有机农业知识系列丛书
单 册:
中图分类: S665.2
科图分类:
主题词: 柿--无污染技术--栽培 , 柿 , 无污染技术
电子资源:
ISBN: 978-7-5304-3680-6
000 01120oam2 2200301 45
001 1032956437
005 20100407164628.01
010    @a978-7-5304-3680-6@dCNY20.35
100    @a20100330d2008 em y0chiy50 ea
101 0  @achi
102    @aCN@b110000
105    @aa z 000yy
106    @ar
200 1  @a柿子有机栽培新技术@AShi Zi You Ji Zai Pei Xin Ji Shu@f北京市果树产业协会主编@FBei Jing Shi Guo Shu Chan Ye Xie Hui Zhu Bian@g韩南容编著
210    @a北京@c北京科学技术出版社@d2008
215    @a150页@c图@d23cm
225 2  @a有机农业知识系列丛书
308    @a丛书原名:有机农业系列丛书/北京市果树产业协会主编
330    @a本书论述了柿水分、矿质元素生理、生产管理技术,阐述了作者研制、开发不同配方的10种天然液肥和不同种类的高效有机肥、高级有机肥的生产及使用效果等。
461  0 @12001 @a有机农业知识系列丛书
606 0  @a柿@x无污染技术@x栽培
606 0  @a柿
606 0  @a无污染技术
690    @aS665.2@v4
702  0 @a韩南容@AHan Nan Rong@4编著
711 02 @a北京市果树产业协会@ABei Jing Shi Guo Shu Chan Ye Xie Hui@4主编
801  0 @aCN@bTANGWEI@c20100407
905    @b0586668-72@dS665.2@e191@f5
    
    柿子有机栽培新技术/北京市果树产业协会主编/韩南容编著.-北京:北京科学技术出版社,2008
    150页:图;23cm.-(有机农业知识系列丛书)
    
    
    ISBN 978-7-5304-3680-6:CNY20.35
    本书论述了柿水分、矿质元素生理、生产管理技术,阐述了作者研制、开发不同配方的10种天然液肥和不同种类的高效有机肥、高级有机肥的生产及使用效果等。
●
相关链接 在E读中查询图书 在五车中查询图书 在当当中查询图书 在豆瓣中查询图书


正题名:柿子有机栽培新技术     索取号:S665.2/191         预约/预借

序号 登录号 条形码 馆藏地/架位号 状态 备注
1 0586668   205866687   第二样本阅览室/ [索取号:S665.2/191] 在馆    
2 0586669   205866696   第三借阅区/ [索取号:S665.2/191] 在馆    
3 0586670   205866703   第三借阅区/ [索取号:S665.2/191] 在馆    
4 0586671   205866712   第三借阅区/ [索取号:S665.2/191] 在馆    
5 0586672   205866721   第三借阅区/ [索取号:S665.2/191] 在馆    
唐山师范学院图书馆 欢迎您!
大连网信软件有限公司© 版权所有